| 000 | 00538nam a2200217Ia 4500 | ||
|---|---|---|---|
| 003 | OSt | ||
| 005 | 20220924153647.0 | ||
| 006 | a|||||r|||| 00| 0 | ||
| 007 | ta | ||
| 008 | 220923b |||||||| |||| 00| 0 urd d | ||
| 024 | _a351132 | ||
| 037 | _cTextual | ||
| 040 |
_aARTS _cARTS _burd |
||
| 041 |
_2urd _aurd |
||
| 082 | _aO168, N8 | ||
| 100 |
_aAgaskar Younus Au. _9229459 |
||
| 245 | 0 | _aFikr-o-fun aur fiction | |
| 260 | _c1998 | ||
| 942 |
_hO168, N8 _cTEXL _2CC |
||
| 999 |
_c474363 _d474363 |
||